000 00553nam a2200205Ia 4500
001 15101
003 GE_BSU
008 181216s||||||||xx |||||||||||||| ||und||
040 _cGE_BSU
080 _a517.3(075.8)
100 _aВиленкин, Н.Я. Шварцбурд,С.И.
245 _aМатематический анализ.
250 _a2-е изд.
260 _aМосква
260 _bПросвещение.
260 _c1973
300 _a511стр.22см.
653 _aМатематический анализ
942 _cBK
999 _c48218
_d48218